000 00535nam a22001937a 4500
008 131004b xxu||||| |||| 00| 0 scc d
020 _a8675550626
041 0 _ascc
080 _a004
100 1 _aKraus, Laslo
245 1 0 _aProgramsko okruženje Delphi : sa rešenim zadacima
_c Laslo Kraus
246 _aDelphi
260 _aBeograd :
_bMikro Knjiga ;
_c1996
300 _a324 f. :
_bme il. ;
_c23 cm
500 _aParathenie [VII]-VIII
650 0 _aKompjuterët
650 0 _aKompjuterët-Programimi-Softueri
942 _2udc
_cBK
999 _c25
_d25